01171nam a22001457a 4500003000400000020001800004082001500022100001400037245004200051250000800093260002500101300000900126650003700135653085300172SGT a9789351340157 a561.36,VOH aVOHRA,N.D aQUANTITATIVE TECHNIQUES IN MANAGEMENT a4TH aNEW DELHIbTMHc2014 a1063 aGEOLOGY, HYDROLOGY & METEOROLOGY aCHAPTER 1. DECISION –MAKING AND QUANTITATIVE TECHNIQUES CHAPTER 2. LINEAR PROGRAMMING I: FORMULATION AND GRAPHIC SOLUTION CHAPTER 3. LINEAR PROGRAMMING II: SIMPLEX METHOD CHAPTER 4. LINEAR PROGRAMMING III: DUALITY AND SENSITIVITY ANALYSIS CHAPTER 5. SPECIALLY STRUCTURED LINEAR PROGRAMMES I: TRANSPORTATION AND TRANSSHIPMENT PROBLEMS CHAPTER 6. SPECIALLY STRUCTURED LINEAR PROGRAMMES II: ASSIGNMENT PROBLEM CHAPTER 7. EXTENSIONS OF LINEAR PROGRAMMING: INTEGER PROGRAMMING AND GOAL PROGRAMMING CHAPTER 8. SEQUENCING CHAPTER 9. INVENTORY MANAGEMENT CHAPTER 10. QUEUING THEORY CHAPTER 11. REPLACEMENT THEORY CHAPTER 12. PERT AND CPM CHAPTER 13. DECISION THEORY CHAPTER 14. MARKOV CHAINS CHAPTER 15. THEORY OF GAMES CHAPTER 16. DYNAMIC PROGRAMMING CHAPTER 17. SIMULATION CHAPTER 18. INVESTMENT ANALYSIS AND BREAK-EVEN ANALYSIS CHAPTER 19. FORECASTING